Luis Saslavsky /

Luis Saslavsky, cuya obra trascendió a Europa, es el realizador innovador de "La fuga" (1937), "Puerta cerrada" (1939), "La casa del recuerdo" (1940), "Historia de una noche" (1941) y sobre todo "La dama duende" (1945). Sobre él se habló por primera...

Descripción completa

Guardado en:
Autor Principal: Barney Finn, Oscar.
Formato: Libro
Idioma:Undetermined
Publicado: Buenos Aires : Centro Editor de América Latina, 1994.
Series:Los directores del cine argentino ; 24
Materias:
Etiquetas: Agregar Etiqueta
Sin Etiquetas, Sea el primero en etiquetar este registro!
LEADER 01413nam a22002415a 4500
001 CEM.cems024764
008 250702s1994####ag############000#0#und#d
005 20250702170657.0
245 1 0 |a Luis Saslavsky /  |c Oscar Barney Finn. 
260 |a Buenos Aires :  |b Centro Editor de América Latina,  |c 1994. 
300 |a 64 p. 
490 1 |a Los directores del cine argentino ;  |v 24 
500 |a Con el auspicio del Instituto Nacional de Cinematografía. 
500 |a Incluye filmografía y premios. 
520 |a Luis Saslavsky, cuya obra trascendió a Europa, es el realizador innovador de "La fuga" (1937), "Puerta cerrada" (1939), "La casa del recuerdo" (1940), "Historia de una noche" (1941) y sobre todo "La dama duende" (1945). Sobre él se habló por primera vez en Argentina de narración con imágenes y de elegancia caligráfica en la puesta en escena, lo menos parecida al mimetismo teatral que había prevalecido hasta entonces. El autor, Oscar Barney Finn, es realizador profesional desde la década del setenta y en sus búsquedas estilísticas puede emparentarse con el cine que Saslavky emprendió dos generaciones antes. 
020 |a 9502531744 
100 1 |a Barney Finn, Oscar. 
653 |a Cine argentino 
653 |a Cine 
653 |a Historia del cine argentino 
653 |a Cine argentino-Historia 
653 |a Cinematografía 
859 |a CEMS  |b BIB. CEMS - 11 de abril  |h 778.50982  |i B526  |p 29952.25  |t Ej.1